Twelve Letter Just for Fun A-Z Quiz Stats

 Plays Quiz not verified by Sporcle

Score 0/26 Timer 06:00
0 Plays Today
Clue Word % Correct
Shakespeare: Much Ado _____ _______About Nothing
93.1%
Smile You're on ....Candid Camera
91.8%
Springfield's main protagonistHomer Simpson
67%
He came to town riding on a ponyYankee-Doodle
56.3%
John Cleese's hotel comedy (1975–1979)Fawlty Towers
56%
Wizards of _______ _____ (TV show)Waverly Place
51.6%
The leader of the Autobots (Transformers)Optimus Prime
51.1%
Hans Christian Andersen's unsightly birdUgly Duckling
47.7%
Inspector Clouseau actorPeter Sellers
38.2%
Murray/MacDowell 1993 comedy movieGroundhog Day
37.2%
Toy Story pull-string cowboySheriff Woody
29.1%
Monty Python memberMichael Palin
28.5%
_ ____ _______ Greg. Could you milk me?I Have Nipples
27.3%
Clue Word % Correct
Youngest member of the IncrediblesJack-Jack Parr
26.5%
How Drake Mallard is better knownDarkwing Duck
25.2%
Stir Crazy actor and comedianRichard Pryor
24.9%
Explicit or vulgar filmsX-rated Movies
24.4%
Garry Shandling's talk show hostLarry Sanders
23.5%
This is one: (Q___ Q_______)Quiz Question
20.1%
George Wendt's Cheers characterNorm Peterson
19.3%
The brains of the Scooby-Doo gangVelma Dinkley
18%
Dumbo's very best friendTimothy Mouse
17%
Jerry Lewis/Robert De Niro movie (The ...)King of Comedy
14.7%
The General comedian, director, producerBuster Keaton
13.8%
Courage the Cowardly Dog antagonistEustace Bagge
4.4%
Clasp Lockers (on denims ...)Zip Fasteners
2.7%

You're not logged in!

Compare scores with friends on all Sporcle quizzes.
OR
Log In

Sporcle TV

Today on Sporcle TV


Watch our educational content, quiz creation guides, and fun videos on Sporcle TV.

Show Comments

Extras

Top Quizzes Today


Score Distribution

Your Account Isn't Verified!

In order to create a playlist on Sporcle, you need to verify the email address you used during registration. Go to your Sporcle Settings to finish the process.

Report this User

Report this user for behavior that violates our Community Guidelines.

Details: